000 00679nam a2200205Ia 4500
008 240729s9999 xx 000 0 und d
022 _a2502-180X
245 0 _aEconomic Journal of Emerging Markets
260 _aIndonesia
260 _bUniversitas Islam Indonesia
650 _a Communities. Classes. Races
650 _a Economic growth, development, planning | Social Sciences
650 _a Industries. Land use. Labor
650 _a Regional economics. Space in economics
650 _a Urban groups. The city. Urban sociology
650 _aSocial Sciences
856 _uhttps://doaj.org/toc/e904a42d97a644b09d94c1faf36d1f1b
942 _2ddc
942 _cDOAJEJ
999 _c70091
_d70091
945 _a1
_bMadushi Gamage
_c1
_dMadushi Gamage